[Event "POL-ch Rapid U18"]
[Site "Bydgoszcz"]
[Date "2023.08.30"]
[Round "11"]
[White "Szuszkiewicz, Stanislaw"]
[Black "Wites, Adam"]
[Result "1/2-1/2"]
[WhiteElo "1241"]
[BlackElo "1400"]
[PlyCount "109"]
[EventDate "2023.08.28"]
[EventType "swiss"]
[EventRounds "11"]
[EventCountry "POL"]
[SourceTitle "EXT 2024"]
[Source "ChessBase"]
[SourceDate "2023.10.10"]
[SourceVersion "1"]
[SourceVersionDate "2023.10.10"]
[SourceQuality "1"]

1. e4 c6 2. d4 d5 3. exd5 cxd5 4. c4 Nf6 5. Nf3 e6 6. Nc3 Nc6 7. Bg5 Be7 8. Be2 h6 9. Bh4 0-0 10. 0-0 a6 11. Re1 Qb6 12. Qb3 Qxb3 13. axb3 Bd7 14. c5 Rfe8 15. Bg3 Rac8 16. Na4 Bd8 17. Bd6 Bc7 18. Bxc7 Rxc7 19. Nb6 Nb4 20. Rac1 Ne4 21. Ne5 Bc6 22. Red1 f6 23. Nxc6 Rxc6 24. Bf3 Ng5 25. Be2 Re7 26. f3 Nh7 27. Bd3 Nxd3 28. Rxd3 Nf8 29. Re1 Kf7 30. Rde3 Rcc7 31. Na8 Rc8 32. Nb6 Rcc7 33. Na8 Rc8 34. Nb6 Rd8 35. f4 f5 36. h3 Nh7 37. g4 fxg4 38. hxg4 Nf6 39. Rg3 Ne4 40. Rge3 g6 41. Kg2 Kf6 42. Kf3 Rh8 43. Rh1 Reh7 44. Ke2 h5 45. Reh3 h4 46. Kf3 Nd2+ 47. Kg2 Ne4 48. Kf3 Ng3 49. Rg1 Rd8 50. Rg2 g5 51. Rgh2 a5 52. Na4 Rf7 53. Rf2 gxf4 54. Kxf4 Kg6+ 55. Ke3 1/2-1/2

[Event "POL-ch Rapid U18"]
[Site "Bydgoszcz"]
[Date "2023.08.30"]
[Round "8"]
[White "Wites, Adam"]
[Black "Czech, Franciszek"]
[Result "1/2-1/2"]
[WhiteElo "1400"]
[BlackElo "1514"]
[PlyCount "71"]
[EventDate "2023.08.28"]
[EventType "swiss"]
[EventRounds "11"]
[EventCountry "POL"]
[SourceTitle "EXT 2024"]
[Source "ChessBase"]
[SourceDate "2023.10.10"]
[SourceVersion "1"]
[SourceVersionDate "2023.10.10"]
[SourceQuality "1"]

1. e4 c5 2. Nf3 e6 3. d4 cxd4 4. Nxd4 Nf6 5. Nc3 Nc6 6. a3 Be7 7. Be3 d5 8. exd5 exd5 9. Nb3 0-0 10. Bg5 Be6 11. Bb5 a6 12. Be2 b5 13. 0-0 Rc8 14. Bf3 Ne5 15. Nd4 Nc4 16. Qc1 Nxa3 17. Bxf6 Bxf6 18. Nxe6 fxe6 19. Rxa3 b4 20. Rxa6 bxc3 21. b3 e5 22. Rd1 d4 23. Be4 Qc7 24. Qa1 Qf7 25. Rd6 Qh5 26. Rd3 Qe2 27. Bd5+ Kh8 28. Qd1 Qxd1+ 29. Rxd1 Rfd8 30. Rxd8+ Rxd8 31. Be4 Rd7 32. Ra1 g6 33. f3 Kg7 34. Kf2 Rc7 35. Ke2 h5 36. Kd3 1/2-1/2